Statistics for Word Scramble With Clues #1

Click here to take the quiz!

General Stats

  • This quiz has been taken 64 times
  • The average score is 4 of 6

Answer Stats

ClueAnswer% Correct
Shoulder GestureShrug
92%
Math SignMinus
80%
Ewe's KidsLambs
75%
Not Yet Written OnBlank
64%
ContaminateTaint
34%
Early StageOnset
20%

Score Distribution

Percentile by Number Answered

Percent of People with Each Score

Your Score History

You have not taken this quiz